=LDR 00000nam 2200000 4500 =001 INLIS000000000012011 =005 20130612103546 =008 ***********************************Ind** =035 ##$$0010-061300000012011 =041 ##$$a Ind =082 ##$$a 594.3 =090 ##$$a 594.3, Tal b =100 ##$$a Tali B, Chalib =245 ##$$a Bekicot, Chalib talib =260 ##$$a 1988 $b Flores =300 ##$$a 45 hlm., Ilus, 21 cm =650 ##$$a Bekicot =850 ##$$a NBPNMAT